La Constitución francesa de 5 de octubre de 1958. (Record no. 46939)
[ view plain ]
| 000 -LEADER | |
|---|---|
| campo de control de longitud fija | 00654nam a2200181 i 4500 |
| 001 - NÚMERO DE CONTROL | |
| campo de control | 46939 |
| 003 - IDENTIFICADOR DE NÚMERO DE CONTROL | |
| campo de control | ES-MaACL |
| 005 - FECHA Y HORA DE LA ÚLTIMA TRANSACCIÓN | |
| campo de control | 20230906161455.0 |
| 007 - CAMPO FIJO DE DESCRIPCIÓN FÍSICA--INFORMACIÓN GENERAL | |
| campo de control de longitud fija | t| |
| 008 - DATOS DE LONGITUD FIJA--INFORMACIÓN GENERAL | |
| campo de control de longitud fija | 030402s1959 sp ||||1| spa d |
| 245 03 - MENCIÓN DEL TÍTULO | |
| Título | La Constitución francesa de 5 de octubre de 1958. |
| 260 ## - PUBLICACIÓN, DISTRIBUCIÓN, ETC. | |
| Lugar de publicación, distribución, etc. | Madrid : |
| Nombre del editor, distribuidor, etc. | Sección de Publicaciones Universidad, |
| Fecha de publicación, distribución, etc. | 1959 ( |
| Fabricante | Bermejo) |
| 300 ## - DESCRIPCIÓN FÍSICA | |
| Extensión | 114 p. ; |
| Dimensiones | 22 cm. |
| 500 ## - NOTA GENERAL | |
| Nota general | Traducción española del texto promulgado. |
| 500 ## - NOTA GENERAL | |
| Nota general | Precede al tít.: Universidad de Madrid. Facultad de Derecho. Sección de Publicaciones. |
| 710 00 - ENTRADA AGREGADA--NOMBRE DE ENTIDAD CORPORATIVA | |
| Nombre de entidad corporativa o nombre de jurisdicción como elemento de entrada | Universidad de Madrid. |
| Unidad subordinada | Facultad de Derecho. |
| 9 (RLIN) | 7212 |
| 852 ## - LOCALIZACIÓN | |
| Ubicación | ES-MaACL |
| Número de control de estantería | C-17241 |
| Sublocalización o colección | R.45158 |
| Estatus retirado | Estado de pérdida | Estado de daño | No para préstamo | Biblioteca de origen | Biblioteca actual | Ubicación en estantería | Fecha de adquisición | Fuente de adquisición | Total de préstamos | Signatura topográfica completa | Código de barras | Visto por última vez | Precio de reemplazo | Tipo de ítem Koha |
|---|---|---|---|---|---|---|---|---|---|---|---|---|---|---|
| Biblioteca del Ateneo de Madrid | Biblioteca del Ateneo de Madrid | Galería | 17/01/2008 | C-17241 | 1049367 | 23/02/2023 | 23/02/2023 | Libro impreso |
